00739nam a2200205 a 450000100100000000500170001000800410002702000180006804000250008608200180011110000300012924500920015926000490025130000210030050000210032158600790034265000380042170000310045973000430049000000174920200929145703.0090626s2005 cu 001 0 spa d a9789592602083 aDO-SdBNPbspacBNPHU a778.53bC828p1 aCortés, María Lourdes13aLa pantalla rota :bcien años de cine en Centroamérica /cMaría Lourdes Cortés. aLa Habana, :bCasa de las Américas,c2005. a611 p. ;c21 cm. aIncluye índice aPremio de ensayo Ezequiel Martínez Estrada, Casa de las Américas, 2007 4aCinezAmérica CentralxHistoria1 aRuffinelli, Jorgeepról.02aCien años de cine en Centroamérica